000 00335 a2200133 4500
999 _c325356
_d325356
001 90283
003 NUST
082 _a891.4393 ILY
100 _aIlyas Muhammad
_99807
245 _aSadion Pay Moheet Ik Safar
_hUrdu
260 _aLahore
_bSang-e-Meel Publications
_c2012
300 _a176 p.
500 _aGeneral Books
942 _aCAE NUST
_cBK
_k891.4393 ILY
_2ddc